| 000 | 00506cam a2200169ua 4500 | ||
|---|---|---|---|
| 020 | _a0-87201-100-3 | ||
| 041 |
_aeng _h |
||
| 082 |
_a028.7262151 _bLAP/TI |
||
| 100 | _aLapina, Ronald P . | ||
| 245 |
_aTI-59 manual for estimating centrifugal compressor performance: Process compressed technology, Vol 2 / _cRonald P Lapina. _hTextual Documents |
||
| 250 |
_a1 / _b. |
||
| 260 |
_aLondon : _bGulf Publishing Company , _c1983. |
||
| 300 | _a333 ; . | ||
| 504 | _a | ||
| 942 | _cBK | ||
| 999 |
_c5542 _d5542 |
||